Entry Nombre personal
001 - NÚMERO DE CONTROL
- campo de control: 241400
003 - IDENTIFICADOR DE NÚMERO DE CONTROL
- campo de control: SpMaBN
005 - FECHA Y HORA DE LA ÚLTIMA TRANSACCIÓN
- campo de control: 20250725230524.0
008 - ELEMENTOS DE DATO DE LONGITUD-FIJA
- campo de control de longitud fija: 090818n|#azznnaabn |n aaa ##
024 7# - IDENTIFICADOR DE OTROS ESTÁNDARES
- Número estándar o código: http://www.wikidata.org/entity/Q105658901
- Fuente: wikidata
024 7# - IDENTIFICADOR DE OTROS ESTÁNDARES
- Número estándar o código: http://viaf.org/viaf/99906100/
- Fuente: viaf
024 7# - IDENTIFICADOR DE OTROS ESTÁNDARES
- Número estándar o código: https://isni.org/isni/0000000069825167
- Fuente: isni
040 ## - FUENTE DE CATALOGACIÓN
- Centro catalogador/agencia de origen: SpMaBN
- Lengua de catalogación: spa
- Centro/agencia transcriptor: SpMaBN
- Normas de descripción: rdc
- Convención/Normas de encabezamiento de materia/tesauro: embne
046 ## - FECHAS CON CODIFICACIÓN ESPECIAL
- Período de inicio: 1781
- Fin de período: 1811
100 1# - ENCABEZAMIENTO-NOMBRE DE PERSONA
- Nombre de persona: Perego Salvioni, Luigi,
- Fechas asociadas al nombre: fl.1781-1811
375 ## - GÉNERO/SEXO
- Género: Masculino
400 1# - TRAZADO DE VÉASE--NOMBRE DE PERSONA
- Nombre de persona: Salvioni, Aloysius Perego,
- Fechas asociadas al nombre: fl.1781-1811
400 1# - TRAZADO DE VÉASE--NOMBRE DE PERSONA
- Nombre de persona: Perego Salvioni, Luigi,
- Fechas asociadas al nombre: fl.1781-1811
670 ## - FUENTE DE DATOS ENCONTRADOS
- Cita de la fuente: Atto costituzionale della spagna, 1808
670 ## - FUENTE DE DATOS ENCONTRADOS
- Cita de la fuente: ICCU
- Información encontrada: IT\ICCU\IEIE\008480
670 ## - FUENTE DE DATOS ENCONTRADOS
- Cita de la fuente: WWW.VIAF, 27-01-2017
- Información encontrada: (Perego Salvioni, Luigi)
670 ## - FUENTE DE DATOS ENCONTRADOS
- Cita de la fuente: WWW.CERL, 27-01-2017
- Información encontrada: (Perego Salvioni, Luigi)
678 ## - DATOS BIOGRÁFICOS O HISTÓRICOS
- Datos biográficos o históricos: Roma (Italia), Ciudad del Vaticano (Italia). Luigi Perego Salvioni ejerció como impresor en Roma y en el Vaticano
